Statistics for Elements Starting with P

Click here to take the quiz!

General Stats

  • This quiz has been taken 1,015 times
    (1,009 since last reset)
  • The average score is 7 of 9

Answer Stats

SymElement% Correct
KPotassium
98%
PPhosphorus
90%
PuPlutonium
82%
PoPolonium
80%
PdPalladium
79%
PtPlatinum
76%
PmPromethium
56%
PrPraseodymium
47%
PaProtactinium
44%

Score Distribution

Percentile by Number Answered

Percent of People with Each Score

Your Score History

You have not taken this quiz since the last reset